00547nam a2200193 a 4500001001300000003000900013005001700022008004100039020000900080082002200089100001900111245008100130260004200211300000900253500003500262505001000297650002700307700001900334nice12345678IN_TiNIC20260116012448.0050524s1981 dela grp 000 0 eng  ac6500a323.39710954bMUH aMuhammad, Shan aSuccessors of Sir Syed Ahmad Khanb Their Role in the Growth of Muslim Polit aDelhibIdara-I-Adabiyat-I-Dillic1981 a183p aincludes index and biblioraphy2 aindex aMuslims-India-Politics1 aMuhammad, Shan